[Event "Werner-Ott-Open Kreuzberger Sommer 2017"]
[Site "Berlin"]
[Date "2017.07.15"]
[Round "1.1"]
[White "Stern, Rene"]
[Black "Scholta, Danilo"]
[Result "1-0"]
[WhiteElo "2427"]
[BlackElo "1698"]
[PlyCount "55"]
[EventDate "2017.07.15"]
[EventType "swiss"]
[EventRounds "9"]
[EventCountry "GER"]
[SourceTitle "WOOKS 2017 Runde 1"]
[Source "SC Kreuzberg"]
[SourceDate "2017.07.15"]
[WhiteTeam "SK Koenig Tegel 1949"]
[BlackTeam "SV Empor Berlin"]

1. Nf3 d5 2. d4 e6 3. c4 c6 4. e3 f5 5. Bd3 Nf6 6. O-O Bd6 7. b3 O-O 8. Ba3
Bxa3 9. Nxa3 Qe7 10. Qc1 a5 11. Qb2 Ne4 12. Rac1 Bd7 13. Ne5 Be8 14. f3 Nf6 15.
cxd5 Nxd5 16. Rfe1 Nd7 17. Nac4 Nxe5 18. dxe5 b5 19. Nd6 Bd7 20. e4 Nb4 21. Bf1
f4 22. a3 Na6 23. a4 Rfb8 24. Qd2 bxa4 25. bxa4 Rb4 26. Red1 Be8 27. Nxe8 Qxe8
28. Qd6 1-0

[Event "Werner-Ott-Open Kreuzberger Sommer 2017"]
[Site "Berlin"]
[Date "2017.07.15"]
[Round "1.2"]
[White "Stein, Siegfried"]
[Black "Abel, Dennes"]
[Result "0-1"]
[WhiteElo "1656"]
[BlackElo "2442"]
[PlyCount "60"]
[EventDate "2017.07.15"]
[EventType "swiss"]
[EventRounds "9"]
[EventCountry "GER"]
[SourceTitle "WOOKS 2017 Runde 1"]
[Source "SC Kreuzberg"]
[SourceDate "2017.07.15"]
[WhiteTeam "SV Berolina Mitte"]
[BlackTeam "SF Berlin 1903"]

1. e4 c5 2. Nf3 d6 3. Bb5+ Bd7 4. a4 g6 5. O-O Bg7 6. c3 Nf6 7. Re1 O-O 8. d4
cxd4 9. cxd4 d5 10. Nc3 dxe4 11. Nxe4 Nxe4 12. Rxe4 Bxb5 13. axb5 Nd7 14. Qe2
Re8 15. Bg5 Nf6 16. Bxf6 Bxf6 17. Rc1 Rc8 18. Rc5 b6 19. Rc6 Rxc6 20. bxc6 Qd5
21. c7 Qc6 22. d5 Qc1+ 23. Qe1 Qxc7 24. g3 Rd8 25. Qd1 Qc5 26. Ra4 Qxd5 27.
Qxd5 Rxd5 28. Rxa7 Rb5 29. Ra2 Rxb2 30. Rxb2 Bxb2 0-1

[Event "Werner-Ott-Open Kreuzberger Sommer 2017"]
[Site "Berlin"]
[Date "2017.07.15"]
[Round "1.3"]
[White "Malek, Daniel"]
[Black "Wunderlich, Fabian"]
[Result "1-0"]
[WhiteElo "2326"]
[BlackElo "1808"]
[PlyCount "35"]
[EventDate "2017.07.15"]
[EventType "swiss"]
[EventRounds "9"]
[EventCountry "GER"]
[SourceTitle "WOOKS 2017 Runde 1"]
[Source "SC Kreuzberg"]
[SourceDate "2017.07.15"]
[WhiteTeam "SK Zehlendorf"]
[BlackTeam "ohne Verein"]

1. d4 Nf6 2. c4 e6 3. Nc3 Bb4 4. e3 O-O 5. Nge2 Ne4 6. Qc2 d5 7. a3 Bxc3+ 8.
Nxc3 Nxc3 9. bxc3 b6 10. Bd3 h6 11. cxd5 exd5 12. O-O c5 13. dxc5 bxc5 14. c4
Bb7 15. Rb1 dxc4 16. Bh7+ Kh8 17. Rxb7 g6 18. Bb2+ 1-0

[Event "Werner-Ott-Open Kreuzberger Sommer 2017"]
[Site "Berlin"]
[Date "2017.07.15"]
[Round "1.4"]
[White "Acikel, Mert"]
[Black "Klenburg, Michael"]
[Result "0-1"]
[WhiteElo "1848"]
[BlackElo "2362"]
[PlyCount "74"]
[EventDate "2017.07.15"]
[EventType "swiss"]
[EventRounds "9"]
[EventCountry "GER"]
[SourceTitle "WOOKS 2017 Runde 1"]
[Source "SC Kreuzberg"]
[SourceDate "2017.07.15"]
[WhiteTeam "SK Koenig Tegel 1949"]
[BlackTeam "Beer Sheva CC"]

1. e4 d6 2. d4 Nf6 3. Nc3 g6 4. f4 Bg7 5. Nf3 c5 6. Bb5+ Bd7 7. Bxd7+ Nfxd7 8.
d5 b5 9. O-O b4 10. Nb1 a5 11. Re1 Nb6 12. Qe2 O-O 13. Nbd2 N8d7 14. Qd3 Qc7
15. Nf1 Qb7 16. Ne3 Qa6 17. Qxa6 Rxa6 18. e5 f5 19. Ng5 dxe5 20. Ne6 exf4 21.
Nxf8 Kxf8 22. Nf1 Nxd5 23. a3 Bd4+ 24. Kh1 N7f6 25. axb4 cxb4 26. g3 fxg3 27.
hxg3 Ne4 28. Kg2 a4 29. g4 a3 30. Ra2 Kf7 31. bxa3 Nec3 32. Ra1 Ne2 33. Rb1
Nxc1 34. a4 Na2 35. Rbd1 e5 36. gxf5 gxf5 37. Kh2 Rh6+ 0-1

[Event "Werner-Ott-Open Kreuzberger Sommer 2017"]
[Site "Berlin"]
[Date "2017.07.15"]
[Round "1.5"]
[White "Muse, Drazen"]
[Black "Baumeister, Wolfgang"]
[Result "1-0"]
[WhiteElo "2278"]
[BlackElo "1690"]
[PlyCount "131"]
[EventDate "2017.07.15"]
[EventType "swiss"]
[EventRounds "9"]
[EventCountry "GER"]
[SourceTitle "WOOKS 2017 Runde 1"]
[Source "SC Kreuzberg"]
[SourceDate "2017.07.15"]
[WhiteTeam "SK Koenig Tegel 1949"]
[BlackTeam "SC Kreuzberg"]

1. d4 f5 2. g3 g6 3. h4 h6 4. e4 e6 5. Bg2 Bg7 6. Ne2 Ne7 7. Nbc3 c6 8. Be3 d5
9. e5 b5 10. Nf4 Na6 11. Qd2 Qa5 12. Nd3 Bd7 13. Ne2 Qb6 14. Nec1 Nc7 15. Nc5
a5 16. N1d3 Bc8 17. Nf4 Kf7 18. Bf3 Na6 19. Ncd3 b4 20. a3 Bb7 21. axb4 axb4
22. O-O Rhe8 23. Ne2 Ng8 24. Ra4 Bf8 25. Rfa1 Reb8 26. Nec1 Bc8 27. Nb3 Nc7 28.
Nbc5 Rxa4 29. Rxa4 Na6 30. Be2 Nxc5 31. dxc5 Qd8 32. Ra7+ Rb7 33. Rxb7+ Bxb7
34. Qxb4 Qc8 35. Qa3 Be7 36. Bd4 g5 37. h5 Bd8 38. g4 Ne7 39. f4 fxg4 40. fxg5
hxg5 41. Bxg4 Nf5 42. Qb4 Qa8 43. Bf2 Ba5 44. Qa3 Bd2 45. Qxa8 Bxa8 46. Kf1
Ne3+ 47. Ke2 Nxg4 48. Kxd2 Bb7 49. Be3 Ba6 50. Bxg5 Bxd3 51. cxd3 Nxe5 52. Bf4
Nd7 53. b4 Kf6 54. d4 Kf5 55. Ke3 Nf6 56. h6 Kg6 57. b5 cxb5 58. c6 Ne8 59. Kd3
b4 60. Kc2 e5 61. Bxe5 Kxh6 62. Kb3 Kg6 63. Kxb4 Kf5 64. c7 Nxc7 65. Bxc7 Ke6
66. Kc5 1-0

[Event "Werner-Ott-Open Kreuzberger Sommer 2017"]
[Site "Berlin"]
[Date "2017.07.15"]
[Round "1.6"]
[White "Bruening, Wolfgang"]
[Black "Melamed, Tatjana"]
[Result "0-1"]
[WhiteElo "1714"]
[BlackElo "2304"]
[PlyCount "58"]
[EventDate "2017.07.15"]
[EventType "swiss"]
[EventRounds "9"]
[EventCountry "GER"]
[SourceTitle "WOOKS 2017 Runde 1"]
[Source "SC Kreuzberg"]
[SourceDate "2017.07.15"]
[WhiteTeam "Queer-Springer Berlin"]
[BlackTeam "AE Magdeburg"]

1. Nf3 Nf6 2. d4 g6 3. Nc3 c5 4. d5 Bg7 5. e4 d6 6. g3 O-O 7. Bg2 b5 8. Nd2 a6
9. O-O Nbd7 10. a4 b4 11. Ne2 a5 12. h3 Ba6 13. f4 Re8 14. Rb1 Qb6 15. Kh1 e6
16. c4 bxc3 17. bxc3 Qa7 18. dxe6 Rxe6 19. c4 Rb8 20. Bb2 Nxe4 21. Bxg7 Nxd2
22. Qxd2 Kxg7 23. Rxb8 Qxb8 24. f5 Re5 25. fxg6 hxg6 26. Qf4 Rf5 27. Qc1 Rxf1+
28. Bxf1 Ne5 29. Nf4 Qb3 0-1

[Event "Werner-Ott-Open Kreuzberger Sommer 2017"]
[Site "Berlin"]
[Date "2017.07.15"]
[Round "1.7"]
[White "Von Herman, Ulf"]
[Black "Plaza Reino, Mercedes"]
[Result "1-0"]
[WhiteElo "2313"]
[BlackElo "1788"]
[PlyCount "75"]
[EventDate "2017.07.15"]
[EventType "swiss"]
[EventRounds "9"]
[EventCountry "GER"]
[SourceTitle "WOOKS 2017 Runde 1"]
[Source "SC Kreuzberg"]
[SourceDate "2017.07.15"]
[WhiteTeam "SK Koenig Tegel 1949"]
[BlackTeam "Enniscorthy CC"]

1. d4 d5 2. c4 e6 3. Nf3 Nf6 4. Nc3 c6 5. Bg5 Nbd7 6. cxd5 exd5 7. e3 Be7 8.
Bd3 O-O 9. Qc2 h6 10. Bf4 Re8 11. O-O Nf8 12. Rab1 Ne6 13. Bg3 Bd7 14. b4 b6
15. Ne5 Qc8 16. Rfc1 Qb7 17. h3 Rac8 18. a4 Red8 19. Qe2 Nc7 20. Rb2 Be8 21.
Bb1 Nd7 22. Nxd7 Bxd7 23. Qc2 g6 24. Bxc7 Qxc7 25. Nxd5 Qd6 26. Nxe7+ Qxe7 27.
Ba2 Bf5 28. Qe2 c5 29. bxc5 bxc5 30. dxc5 Rxc5 31. Rxc5 Qxc5 32. Rb7 Qc1+ 33.
Kh2 Qc5 34. Bxf7+ Kf8 35. Qf3 Qd6+ 36. g3 Rd7 37. Rxd7 Qxd7 38. Bxg6 1-0

[Event "Werner-Ott-Open Kreuzberger Sommer 2017"]
[Site "Berlin"]
[Date "2017.07.15"]
[Round "1.8"]
[White "Schneider, Eckehard"]
[Black "Barath, Madhan"]
[Result "0-1"]
[WhiteElo "1588"]
[BlackElo "2178"]
[PlyCount "34"]
[EventDate "2017.07.15"]
[EventType "swiss"]
[EventRounds "9"]
[EventCountry "GER"]
[SourceTitle "WOOKS 2017 Runde 1"]
[Source "SC Kreuzberg"]
[SourceDate "2017.07.15"]
[WhiteTeam "SF Berlin 1903"]
[BlackTeam "SC Zugzwang 95"]

1. e4 c5 2. c3 Nf6 3. e5 Nd5 4. d4 cxd4 5. Nf3 Nc6 6. cxd4 d6 7. exd6 Qxd6 8.
Nc3 Bf5 9. Bd3 Bxd3 10. Qxd3 e6 11. O-O Be7 12. Re1 O-O 13. Bg5 Rfd8 14. Nxd5
Qxd5 15. Bxe7 Nxe7 16. Re5 Qc6 17. Rc5 Qxc5 0-1

[Event "Werner-Ott-Open Kreuzberger Sommer 2017"]
[Site "Berlin"]
[Date "2017.07.15"]
[Round "1.9"]
[White "Polatel, Ali"]
[Black "Barca, Michal"]
[Result "1-0"]
[WhiteElo "2211"]
[BlackElo "1783"]
[PlyCount "71"]
[EventDate "2017.07.15"]
[EventType "swiss"]
[EventRounds "9"]
[EventCountry "GER"]
[SourceTitle "WOOKS 2017 Runde 1"]
[Source "SC Kreuzberg"]
[SourceDate "2017.07.15"]
[WhiteTeam "SC Zugzwang 95"]
[BlackTeam "Sk Zentiva Hlohovec"]

1. c4 e5 2. g3 Nf6 3. Bg2 Bc5 4. Nc3 O-O 5. d3 Nc6 6. Nf3 d6 7. O-O Be6 8. a3
a5 9. Bg5 h6 10. Bxf6 Qxf6 11. Ne4 Qe7 12. Nxc5 dxc5 13. Nd2 Nd4 14. e3 Nf5 15.
Bxb7 Rab8 16. Bg2 Rxb2 17. Nb3 a4 18. Na5 Bd7 19. Rb1 Rxb1 20. Qxb1 Nd6 21. Qb2
e4 22. dxe4 f6 23. Rd1 Qe5 24. Qc1 Rb8 25. f4 Qh5 26. h4 Bg4 27. Rd5 Qg6 28.
Nc6 Re8 29. Kh2 Nxe4 30. Rd8 Kh7 31. Ne5 Rxe5 32. fxe5 Nxg3 33. Kxg3 Be2+ 34.
Kh2 Qg4 35. Qe1 Qxc4 36. Qb1+ 1-0

[Event "Werner-Ott-Open Kreuzberger Sommer 2017"]
[Site "Berlin"]
[Date "2017.07.15"]
[Round "1.10"]
[White "Kujawa, Werner"]
[Black "Niehaus, Frank"]
[Result "0-1"]
[WhiteElo "1510"]
[BlackElo "2121"]
[PlyCount "130"]
[EventDate "2017.07.15"]
[EventType "swiss"]
[EventRounds "9"]
[EventCountry "GER"]
[SourceTitle "WOOKS 2017 Runde 1"]
[Source "SC Kreuzberg"]
[SourceDate "2017.07.15"]
[WhiteTeam "SV Motor Wildau"]
[BlackTeam "SK Koenig Tegel 1949"]

1. e4 c5 2. Nc3 Nc6 3. g3 d6 4. Bg2 g6 5. d3 Nf6 6. Nge2 Rb8 7. O-O Bg7 8. h3
O-O 9. Be3 b5 10. Qd2 b4 11. Nd1 a5 12. f4 Nd7 13. c3 bxc3 14. bxc3 Ba6 15. Nf2
Qb6 16. g4 Qb2 17. Rfd1 Qxd2 18. Rxd2 Rb6 19. Bf3 Rfb8 20. Rad1 Rb1 21. Kg2
Rxd1 22. Nxd1 Rb1 23. d4 Nb6 24. Rb2 Rxb2 25. Nxb2 Bxe2 26. Bxe2 cxd4 27. cxd4
Bxd4 28. Bxd4 Nxd4 29. Bd3 Kg7 30. a4 e5 31. fxe5 dxe5 32. Nc4 Nxc4 33. Bxc4 f5
34. gxf5 gxf5 35. exf5 Kf6 36. Bd3 Nxf5 37. Kf3 h6 38. Kg4 Ne3+ 39. Kf3 Nd5 40.
Be4 Nf4 41. h4 Ke6 42. Kg4 Kf6 43. h5 Ne6 44. Bd5 Ng7 45. Be4 Ke7 46. Bg6 Kd6
47. Be4 Kc5 48. Bg6 Kd4 49. Kf3 Ne6 50. Bf5 e4+ 51. Kg4 Nc5 52. Kf4 Nd3+ 53.
Kg3 Ke5 54. Bg6 Nc5 55. Be8 Ne6 56. Kg4 Ng5 57. Bg6 Kd4 58. Be8 Ke5 59. Bb5 Ne6
60. Be2 Nd4 61. Bc4 e3 62. Kg3 Ke4 63. Kg2 Kf4 64. Bd3 Nf5 65. Be2 Ng3 0-1

[Event "Werner-Ott-Open Kreuzberger Sommer 2017"]
[Site "Berlin"]
[Date "2017.07.15"]
[Round "1.11"]
[White "Burchardt, Brigitte"]
[Black "Uckar, Klaudijo"]
[Result "1-0"]
[WhiteElo "2137"]
[BlackElo "1639"]
[PlyCount "69"]
[EventDate "2017.07.15"]
[EventType "swiss"]
[EventRounds "9"]
[EventCountry "GER"]
[SourceTitle "WOOKS 2017 Runde 1"]
[Source "SC Kreuzberg"]
[SourceDate "2017.07.15"]
[WhiteTeam "SC Rotation Pankow"]
[BlackTeam "SC Kreuzberg"]

1. e4 c5 2. Nc3 Nc6 3. g3 d6 4. Bg2 e5 5. d3 Nf6 6. Nd5 Nxd5 7. exd5 Ne7 8. Ne2
Bg4 9. h3 Bh5 10. c3 f6 11. Bd2 Qd7 12. c4 g5 13. Bc3 Bg7 14. Qd2 Bg6 15. h4
gxh4 16. gxh4 h5 17. Ng3 Bh6 18. Qe2 Bf4 19. Bh3 Qc7 20. Rg1 f5 21. Kd1 O-O-O
22. Ne4 Kb8 23. Ng5 Bxg5 24. Rxg5 Rhg8 25. f4 e4 26. Kd2 b5 27. b3 exd3 28.
Qxd3 Rdf8 29. Rag1 b4 30. Ba1 Qa5 31. Qc2 Qd8 32. Kc1 Qe8 33. Re1 Bf7 34. Bf6
Rxg5 35. hxg5 1-0

[Event "Werner-Ott-Open Kreuzberger Sommer 2017"]
[Site "Berlin"]
[Date "2017.07.15"]
[Round "1.12"]
[White "Arndt, Nino"]
[Black "Krefenstein, Sergej"]
[Result "0-1"]
[WhiteElo "1659"]
[BlackElo "2086"]
[PlyCount "97"]
[EventDate "2017.07.15"]
[EventType "swiss"]
[EventRounds "9"]
[EventCountry "GER"]
[SourceTitle "WOOKS 2017 Runde 1"]
[Source "SC Kreuzberg"]
[SourceDate "2017.07.15"]
[WhiteTeam "SV Briesen"]
[BlackTeam "TuS Makkabi Berlin"]

1. e4 e6 2. d4 d5 3. exd5 exd5 4. Bd3 c5 5. c3 Nf6 6. Nf3 Be7 7. O-O O-O 8.
dxc5 Bxc5 9. Bg5 Nc6 10. Qc2 h6 11. Bh4 g5 12. Bg3 Nh5 13. Nbd2 f5 14. Nb3 Bb6
15. Ne5 Qf6 16. Rae1 Nxg3 17. Nxc6 Nxf1 18. Ne7+ Kh8 19. Nxd5 Qd6 20. c4 Qxh2+
21. Kxf1 Qh1+ 22. Ke2 Re8+ 23. Ne3 Rxe3+ 24. fxe3 Qxg2+ 25. Kd1 Qxc2+ 26. Bxc2
Bd7 27. c5 Bc7 28. Nd4 Rf8 29. e4 fxe4 30. Rxe4 Rf4 31. b4 h5 32. b5 h4 33. c6
Bg4+ 34. Kd2 Rxe4 35. Bxe4 b6 36. Ke1 Kg7 37. Bf5 Bg3+ 38. Kf1 Bh5 39. Bd7 Kf6
40. Ne6 Bg4 41. Nf8 Bxd7 42. Nxd7+ Kf5 43. Kg2 g4 44. a4 Bd6 45. Nxb6 h3+ 46.
Kh1 axb6 47. a5 g3 48. a6 g2+ 49. Kg1 0-1

[Event "Werner-Ott-Open Kreuzberger Sommer 2017"]
[Site "Berlin"]
[Date "2017.07.15"]
[Round "1.13"]
[White "Kauschmann, Herbert"]
[Black "Breitzmann, Sander"]
[Result "1-0"]
[WhiteElo "2086"]
[BlackElo "1785"]
[PlyCount "113"]
[EventDate "2017.07.15"]
[EventType "swiss"]
[EventRounds "9"]
[EventCountry "GER"]
[SourceTitle "WOOKS 2017 Runde 1"]
[Source "SC Kreuzberg"]
[SourceDate "2017.07.15"]
[WhiteTeam "BSC Rehberge 1945"]
[BlackTeam "SV Empor Berlin"]

1. e4 e5 2. Nf3 Nc6 3. d4 exd4 4. Bc4 Bc5 5. c3 Nf6 6. e5 d5 7. Bb5 Ne4 8. Nxd4
O-O 9. Bxc6 bxc6 10. O-O Ba6 11. Re1 Qe7 12. Be3 f6 13. e6 Bd6 14. h3 f5 15.
Nf3 Qf6 16. Bd4 Qxe6 17. b4 Rae8 18. Bxa7 Qg6 19. Bd4 Ng5 20. Nxg5 Qxg5 21. Nd2
Qg6 22. Nf3 Rxe1+ 23. Qxe1 Re8 24. Qd2 Re2 25. Qg5 Qxg5 26. Nxg5 Bc4 27. a4 Bb3
28. a5 Bc4 29. Nf3 Ba6 30. Re1 Rxe1+ 31. Nxe1 g6 32. g3 f4 33. Kg2 Kf7 34. Nf3
fxg3 35. fxg3 Bb5 36. Ng5+ Kg8 37. Kf2 Ba6 38. h4 Bb5 39. Be3 Be5 40. Bd4 Bd6
41. Nf3 Kf8 42. Be3 c5 43. Bxc5 Bxc5+ 44. bxc5 Ke7 45. Ke3 Bc4 46. Kd4 c6 47.
Ke5 Ba6 48. Nd4 Bb7 49. g4 Ba8 50. a6 h6 51. Ne6 Kd7 52. Nf8+ Ke7 53. Nxg6+ Kf7
54. Nf4 Ke7 55. Ne6 Kd7 56. g5 hxg5 57. hxg5 1-0

[Event "Werner-Ott-Open Kreuzberger Sommer 2017"]
[Site "Berlin"]
[Date "2017.07.15"]
[Round "1.14"]
[White "Eilenberg, Jonas"]
[Black "Kohler, Thomas"]
[Result "1/2-1/2"]
[WhiteElo "1780"]
[BlackElo "2140"]
[PlyCount "91"]
[EventDate "2017.07.15"]
[EventType "swiss"]
[EventRounds "9"]
[EventCountry "GER"]
[SourceTitle "WOOKS 2017 Runde 1"]
[Source "SC Kreuzberg"]
[SourceDate "2017.07.15"]
[WhiteTeam "SV Koenigsjaeger Suedwest"]
[BlackTeam "SC Zitadelle Spandau 1977"]

1. d4 d6 2. Nf3 g6 3. c4 Bg7 4. Nc3 e5 5. d5 Nd7 6. g3 a5 7. Bg2 Nc5 8. Be3 Nh6
9. Bxc5 dxc5 10. Ne4 b6 11. d6 c6 12. Qa4 Bd7 13. Rd1 f5 14. Nc3 e4 15. Nd2 Ng4
16. O-O O-O 17. e3 h5 18. Ndxe4 fxe4 19. Bxe4 Qe8 20. Qc2 Ne5 21. Ne2 Rf6 22.
b3 Nf3+ 23. Bxf3 Rxf3 24. Nf4 Bf5 25. Qe2 Qe4 26. h3 Be5 27. Qd3 Qxd3 28. Nxd3
Bxd6 29. Ne1 Rxg3+ 30. fxg3 Bxg3 31. Rf3 h4 32. Ng2 Bxh3 33. Nxh4 Bg4 34. Rxg3
Bxd1 35. Rxg6+ Kf7 36. Rxc6 a4 37. b4 cxb4 38. Rxb6 b3 39. a3 Rc8 40. Nf5 Rc5
41. e4 Be2 42. Kf2 Bxc4 43. Ke3 Be6 44. Kd4 Rc2 45. Ke5 Bxf5 46. exf5 {(=)}
1/2-1/2

[Event "Werner-Ott-Open Kreuzberger Sommer 2017"]
[Site "Berlin"]
[Date "2017.07.15"]
[Round "1.15"]
[White "Gebigke, Martin"]
[Black "Otter, Nils"]
[Result "1-0"]
[WhiteElo "2078"]
[BlackElo "1745"]
[PlyCount "73"]
[EventDate "2017.07.15"]
[EventType "swiss"]
[EventRounds "9"]
[EventCountry "GER"]
[SourceTitle "WOOKS 2017 Runde 1"]
[Source "SC Kreuzberg"]
[SourceDate "2017.07.15"]
[WhiteTeam "SC Kreuzberg"]
[BlackTeam "Admira Villach"]

1. d4 Nf6 2. c4 e5 3. dxe5 Ng4 4. Nf3 Bc5 5. e3 Nc6 6. Be2 Ngxe5 7. Nxe5 Nxe5
8. O-O O-O 9. Nc3 Re8 10. b3 a5 11. Na4 Bf8 12. e4 g5 13. c5 d6 14. Bb2 Bd7 15.
cxd6 Bxd6 16. Nb6 Rb8 17. Nxd7 Nxd7 18. Rc1 Qe7 19. Bg4 Nf6 20. Bf5 Rbd8 21.
Qf3 Be5 22. Bc3 b6 23. Qh3 h5 24. Bxe5 Qxe5 25. Rc6 Kg7 26. Qe3 Nxe4 27. Bxe4
Qxe4 28. Qxg5+ Kf8 29. Qh6+ Kg8 30. Qg5+ Kf8 31. Rxc7 Rd6 32. Qxh5 Rg6 33. g3
Kg7 34. Rd1 Rh8 35. Rxf7+ Kxf7 36. Qxh8 Qg4 37. Rd8 1-0

[Event "Werner-Ott-Open Kreuzberger Sommer 2017"]
[Site "Berlin"]
[Date "2017.07.15"]
[Round "1.16"]
[White "Hecht, Uwe"]
[Black "Boettcher, Patrick"]
[Result "0-1"]
[WhiteElo "1663"]
[BlackElo "2056"]
[PlyCount "50"]
[EventDate "2017.07.15"]
[EventType "swiss"]
[EventRounds "9"]
[EventCountry "GER"]
[SourceTitle "WOOKS 2017 Runde 1"]
[Source "SC Kreuzberg"]
[SourceDate "2017.07.15"]
[WhiteTeam "SC Kreuzberg"]
[BlackTeam "SC Zitadelle Spandau 1977"]

1. d4 Nf6 2. Bg5 Ne4 3. Bf4 d5 4. e3 c5 5. Bd3 cxd4 6. Bxe4 dxe4 7. Qxd4 Nc6 8.
Qxd8+ Nxd8 9. Nc3 f6 10. Nxe4 e5 11. Bg3 Bf5 12. f3 Nf7 13. Nd2 Bxc2 14. Rc1
Bd3 15. Ne2 Bb4 16. a3 Ba5 17. b4 Bb6 18. Kf2 f5 19. Rc3 Rd8 20. f4 g5 21. Nc4
Bxc4 22. Rxc4 exf4 23. Bxf4 gxf4 24. Rxf4 Nd6 25. Ng3 O-O 0-1

[Event "Werner-Ott-Open Kreuzberger Sommer 2017"]
[Site "Berlin"]
[Date "2017.07.15"]
[Round "1.17"]
[White "Federau, Juergen"]
[Black "Moewisch, Dave"]
[Result "1-0"]
[WhiteElo "2062"]
[BlackElo "1737"]
[PlyCount "83"]
[EventDate "2017.07.15"]
[EventType "swiss"]
[EventRounds "9"]
[EventCountry "GER"]
[SourceTitle "WOOKS 2017 Runde 1"]
[Source "SC Kreuzberg"]
[SourceDate "2017.07.15"]
[WhiteTeam "SC Kreuzberg"]
[BlackTeam "SV Briesen"]

1. d4 d5 2. c4 e6 3. Nc3 Nf6 4. cxd5 exd5 5. Bg5 Be7 6. e3 c6 7. Qc2 O-O 8. Bd3
h6 9. Bh4 Nbd7 10. Nge2 Re8 11. O-O Nf8 12. f3 Ne6 13. Rad1 a6 14. a3 c5 15.
Bxf6 Bxf6 16. dxc5 Nxc5 17. Nxd5 Nxd3 18. Nxf6+ Qxf6 19. Rxd3 Be6 20. Rfd1 Rac8
21. Rc3 Qg5 22. e4 Qe3+ 23. Kf1 Qb6 24. Rdd3 f5 25. Rxc8 Rxc8 26. Rc3 Rxc3 27.
Qxc3 fxe4 28. fxe4 Qd6 29. h3 Qd1+ {(=)} 30. Kf2 b5 31. Qd4 Qc2 32. Kf3 Bc4 33.
Ng3 h5 34. Nf5 Qe2+ 35. Kg3 Qd3+ 36. Qxd3 Bxd3 37. Nd6 g5 38. h4 gxh4+ 39. Kxh4
Be2 40. Kg5 Kf8 41. Kf6 h4 42. e5 1-0

[Event "Werner-Ott-Open Kreuzberger Sommer 2017"]
[Site "Berlin"]
[Date "2017.07.15"]
[Round "1.18"]
[White "Kostanyan, Hakob"]
[Black "Wierzbicki, Jirawat"]
[Result "1-0"]
[WhiteElo "1687"]
[BlackElo "2029"]
[PlyCount "93"]
[EventDate "2017.07.15"]
[EventType "swiss"]
[EventRounds "9"]
[EventCountry "GER"]
[SourceTitle "WOOKS 2017 Runde 1"]
[Source "SC Kreuzberg"]
[SourceDate "2017.07.15"]
[WhiteTeam "SC Weisse Dame"]
[BlackTeam "SK Koenig Tegel 1949"]

1. e4 e5 2. Nf3 Nc6 3. Bc4 Nf6 4. d4 exd4 5. O-O Nxe4 6. Re1 d5 7. Bxd5 Qxd5 8.
Nc3 Qh5 9. Nxe4 Be6 10. Nxd4 Qxd1 11. Rxd1 O-O-O 12. Be3 Nxd4 13. Rxd4 Be7 14.
c3 h6 15. a4 g5 16. Rad1 Rxd4 17. cxd4 Bb3 18. Rc1 Bxa4 19. d5 Rd8 20. Bxa7 Bb3
21. Bb6 Rxd5 22. Rxc7+ Kb8 23. Rc1 Bd8 24. Be3 f5 25. Nc3 Ra5 26. Bd4 Bc7 27.
g3 Be5 28. Bb6 Ra6 29. Bc5 Rc6 30. Bb4 Rc4 31. Ba5 f4 32. Re1 Bd4 33. Nb5 b6
34. Re8+ Kb7 35. Nd6+ Kc6 36. Nxc4 Bxc4 37. Bc3 Bxc3 38. bxc3 Kb5 39. Re4 fxg3
40. hxg3 Kc5 41. f4 gxf4 42. gxf4 Bd5 43. Rd4 b5 44. f5 Bc4 45. f6 b4 46. Rxc4+
Kxc4 47. cxb4 1-0

[Event "Werner-Ott-Open Kreuzberger Sommer 2017"]
[Site "Berlin"]
[Date "2017.07.15"]
[Round "1.19"]
[White "Bolk, Matthias"]
[Black "Kreuchauf, Olaf"]
[Result "1-0"]
[WhiteElo "2042"]
[BlackElo "1495"]
[PlyCount "51"]
[EventDate "2017.07.15"]
[EventType "swiss"]
[EventRounds "9"]
[EventCountry "GER"]
[SourceTitle "WOOKS 2017 Runde 1"]
[Source "SC Kreuzberg"]
[SourceDate "2017.07.15"]
[WhiteTeam "SC Kreuzberg"]
[BlackTeam "SC Eintracht Berlin"]

1. e4 c5 2. Nc3 Nc6 3. Bb5 g6 4. Bxc6 dxc6 5. d3 Bg7 6. f4 Nf6 7. Nf3 Bg4 8.
O-O Qb6 9. Kh1 O-O 10. Bd2 Rad8 11. Na4 Qb5 12. c4 Qa6 13. Nxc5 Qb6 14. b4 Nh5
15. Rb1 Bd4 16. Qc2 Bxf3 17. Rxf3 Bxc5 18. bxc5 Qc7 19. f5 f6 20. Qa4 Ra8 21.
Qb3 b6 22. g4 Ng7 23. cxb6 axb6 24. c5+ Kh8 25. cxb6 Qb7 26. fxg6 1-0

[Event "Werner-Ott-Open Kreuzberger Sommer 2017"]
[Site "Berlin"]
[Date "2017.07.15"]
[Round "1.20"]
[White "Granzin, David"]
[Black "Weber, Erwin"]
[Result "1/2-1/2"]
[WhiteElo "1623"]
[BlackElo "1953"]
[PlyCount "53"]
[EventDate "2017.07.15"]
[EventType "swiss"]
[EventRounds "9"]
[EventCountry "GER"]
[SourceTitle "WOOKS 2017 Runde 1"]
[Source "SC Kreuzberg"]
[SourceDate "2017.07.15"]
[WhiteTeam "SC Kreuzberg"]
[BlackTeam "SF Berlin 1903"]

1. e4 e6 2. d4 d5 3. exd5 exd5 4. c4 dxc4 5. Bxc4 Nf6 6. Nf3 Be7 7. O-O O-O 8.
Nc3 Nbd7 9. Re1 Nb6 10. Bb3 c6 11. h3 Bf5 12. Bg5 a5 13. a4 Bb4 14. Re5 Bg6 15.
Nh4 Qd6 16. Nxg6 hxg6 17. Qd3 Nbd5 18. Nxd5 cxd5 19. Bxf6 Qxf6 20. Bxd5 Rad8
21. Rd1 Rd7 22. Qe2 Rfd8 23. Re8+ Bf8 24. Bb3 Rxd4 25. Rxd4 Rxd4 26. Rb8 Qc6
27. Qc2 {(=)} 1/2-1/2